000 01812nam a22002417a 4500
005 20170124105945.0
010 _a417792
020 _c00.00
035 _a417792
037 _bCen Lib/Ret
040 _aDPL
_bEN
082 _a342.73
_bCOR
100 _aCorwin, Edward S.
_912052
245 _aUnderstanding the contitution /
_cby Edward S Corwin [and] J. W. Peltason
_bwith comments on the declaration of independence, the articles of confederation, and the structure practices of american government
250 _arev.
260 _aNew York
_bHolt, Rinehart and Winsto
_c1963
270 _bNew York
300 _axiii,205p.
_c21cm(Hb)
650 _aConstitutional law -- United State
_912053
650 _aConstitutional law
_979704
700 _aPeltason, J. W.
_912055
942 _2ddc
_cEN
_h342.73
_mCOR
999 _c124820
_d124820